Sistema de normalización integral institucional Ministerio de Obras Públicas y Transportes
Na minha lista:
| Autor principal: | |
|---|---|
| Formato: | Livro |
| Idioma: | Spanish |
| Publicado em: |
[San José, Costa Rica]
1987
|
| Tags: |
Adicionar Tag
Sem tags, seja o primeiro a adicionar uma tag!
|
MARC
| LEADER | 00000nam a2200000Ia 4500 | ||
|---|---|---|---|
| 003 | 003380 | ||
| 005 | 20221231143847.0 | ||
| 008 | 140116s1987 cr a 000 ||spa d | ||
| 040 | |c cru CEDI | ||
| 082 | |a 389.6 Q8s | ||
| 100 | |a Quirós Villalobos, Edwin Ml. |9 21862 | ||
| 245 | |a Sistema de normalización integral institucional Ministerio de Obras Públicas y Transportes | ||
| 260 | |c 1987 |a [San José, Costa Rica] | ||
| 300 | |c 30 páginas :ilustraciones | ||
| 942 | |2 ddc |c BK | ||
| 999 | |c 13356 |d 13356 | ||
